Paesi più vicini a Trinidad e Tobago - Morte improvvisa - Statistics

Statistiche generali
  • Questo quiz è stato fatto 8 volte
  • Il punteggio medio è 10 su 15
Answers on the Grid
Answers color-coded by a green-red scale on the quiz's grid according to % correct below.
Haiti
Repubblica Dominicana
Saint KItts e Nevis
Antigua e Barbuda
Dominica
Saint Lucia
Barbados
Saint Vincent e Grenadine
Grenada
Colombia
Venezuela
Guyana
Suriname
Brasile
Bahamas
Canada
Stati Uniti
Messico
El Salvador
Honduras
Belize
Guatemala
Nicaragua
Costa Rica
Panama
Ecuador
Perù
Bolivia
Paraguay
Uruguay
 
Statistiche sulle risposte
Risposta % Corretto
Antigua e Barbuda
100%
Saint KItts e Nevis
86%
Saint Lucia
86%
Saint Vincent e Grenadine
86%
Barbados
71%
Dominica
71%
Suriname
71%
Brasile
57%
Colombia
57%
Grenada
57%
Guyana
57%
Haiti
57%
Venezuela
57%
Bahamas
43%
Repubblica Dominicana
43%
Nessun quiz corrispondente trovato
Distribuzione punteggi
Percentuale di utenti per punteggio
Percentile per numero di risposta
I tuoi punteggi nel tempo
Non hai fatto questo quiz